Seepage Analysis of Ghazi Brotha Hydro Power Project Session 2003 - 2006 (Record no. 551092)
[ view plain ]
| 000 -LEADER | |
|---|---|
| fixed length control field | 00355nam a22001337a 4500 |
| 082 ## - DEWEY DECIMAL CLASSIFICATION NUMBER | |
| Classification number | P-312 |
| 100 ## - MAIN ENTRY--PERSONAL NAME | |
| Personal name | Faseel Suleman |
| 9 (RLIN) | 48051 |
| 245 ## - TITLE STATEMENT | |
| Title | Seepage Analysis of Ghazi Brotha Hydro Power Project Session 2003 - 2006 |
| 260 ## - PUBLICATION, DISTRIBUTION, ETC. | |
| Place of publication, distribution, etc. | Risalpur Cantt |
| Name of publisher, distributor, etc. | MCE |
| 300 ## - PHYSICAL DESCRIPTION | |
| Extent | P 138 |
| 526 ## - STUDY PROGRAM INFORMATION NOTE | |
| Program name | 0 |
| Interest level | 0 |
| Reading level | 0 |
| Title point value | P_312 |
| 700 ## - ADDED ENTRY--PERSONAL NAME | |
| Personal name | Tanvir Anjum |
| 9 (RLIN) | 48052 |
| 942 ## - ADDED ENTRY ELEMENTS (KOHA) | |
| Source of classification or shelving scheme | |
| Koha item type | Book |
| Withdrawn status | Lost status | Source of classification or shelving scheme | Damaged status | Not for loan | Permanent Location | Current Location | Date acquired | Total Checkouts | Full call number | Barcode | Date last seen | Date last checked out | Price effective from | Koha item type |
|---|---|---|---|---|---|---|---|---|---|---|---|---|---|---|
| Military College of Engineering (MCE) | Military College of Engineering (MCE) | 12/03/2014 | 1 | P-312 | MCE-P-312 | 03/09/2020 | 03/09/2020 | 12/03/2014 | Book |
